K soveršenstvovaniju sistemy ekonomičeskogo regulirovanija v respublike.

Skúmanie otázok zdokonaľovania mechanizmu ekonomického regulovania sociálno-ekonomického rozvoja suverénnych republík ZSSR a ich jednotlivých oblastí. Rozbor najvýznamnejšieho ekonomického regulovania, a to daňového systému. Skúmanie ďalších metód ekonomického regulovania - rozpracovania bilancií fi...

Descrizione completa

Salvato in:
Dettagli Bibliografici
Autore principale: Samsonov, N.
Natura: Capitolo di libro
Lingua:russo
Soggetti:
Tags: Aggiungi Tag
Nessun Tag, puoi essere il primo ad aggiungerne!!

MARC

LEADER 00000naa a2200000 4500
001 r006012
005 20221208122434.2
041 0 |a rus 
044 |a [SU] 
245 1 0 |a K soveršenstvovaniju sistemy ekonomičeskogo regulirovanija v respublike.  |c N. Samsonov 
520 |a Skúmanie otázok zdokonaľovania mechanizmu ekonomického regulovania sociálno-ekonomického rozvoja suverénnych republík ZSSR a ich jednotlivých oblastí. Rozbor najvýznamnejšieho ekonomického regulovania, a to daňového systému. Skúmanie ďalších metód ekonomického regulovania - rozpracovania bilancií finančných a pracovných zdrojov. Zdôraznenie nového smeru v práci miestnych orgánov, a to sociálnej ochrany obyvateľstva. 
610 2 0 |a regulácia hospodárska 
610 2 0 |a mechanizmus hospodársky 
610 2 0 |a rozvoj sociálno-ekonomický 
610 2 0 |a ZSSR 
610 2 0 |a sústava daňová 
100 1 |a Samsonov, N.